KOHA-Header-6

Economics Today (Record no. 7757)

000 -LEADER
fixed length control field 00237nam a2200109Ia 4500
020 ## - INTERNATIONAL STANDARD BOOK NUMBER
ISBN 978-0321594532
100 ## - MAIN ENTRY--AUTHOR NAME
Personal name Roger LeRoy Miller
245 #0 - TITLE STATEMENT
Title Economics Today
260 ## - PUBLICATION, DISTRIBUTION, ETC. (IMPRINT)
Place of publication New York
Name of publisher Prentice Hall
Year of publication 1999
300 ## - PHYSICAL DESCRIPTION
Number of Pages 791
942 ## - ADDED ENTRY ELEMENTS (KOHA)
Koha item type Books
Holdings
Withdrawn status Lost status Collection code Permanent Location Current Location Shelving location Date acquired Full call number Accession Number Koha item type
    Economics MAJU MAJU Shelf No.A47 2019-09-12 330.2 1855 Economics

Powered by Koha